Söğüt'ten İstanbul'a Osmanlı Devleti'nin kuruluşu üzerine tartışmalar / (Record no. 15177)

MARC details
000 -BAŞLIK
Sabit Uzunlukta Kontrol Alanı 00726nam a22002297a 4500
999 ## - SİSTEM KONTROL NUMARALARI (KOHA)
Koha Biblionumber 15177
Koha Biblioitemnumber 15177
003 - KONTROL NUMARASI IDENTIFIER
Denetim Alanı MIRAKIL
005 - SON İŞLEM TARİHİ VE ZAMANI
Denetim Alanı 20230223112900.0
008 - SABİT-BOY VERİ ELEMANLARI - GENEL BİLGİLER
Sabit Uzunlukta Kontrol Alanı 230223b tu ||||| |||| 00| 0 tur d
020 ## - ULUSLARARASI STANDART KİTAP NUMARASI
Uluslararası Standart Kitap Numarası 9755332502
040 ## - KATALOGLAMA KAYNAK
Orijinal Kataloglama Ajansı TR-AnCHP
Metne Dönüştürmek Ajansı TR-AnCHP
041 ## - DİL KODU
Metin / Ses Parça Veya Ayrı Başlığın Dil Kodu tur
082 ## - DEWEY ONLU SINIFLANDIRMA NUMARASI
Sınıflandırma Numarası 956.10151
Ürün Numarası Ö93s 2005
100 ## - ANA GİRİŞ - KİŞİSEL İSİM
Kişisel Ad Özel, Oktay
245 10 - BAŞLIK TABLOSU
Başlık Söğüt'ten İstanbul'a Osmanlı Devleti'nin kuruluşu üzerine tartışmalar /
Sorumluluk Tablosu, Vb Oktay Özel, Mehmet Öz
250 ## - EDITION TABLOSU
Baskı Beyanı 2 bs.
260 ## - YAYIN, DAĞITIM, VB
Yayın, Dağıtım, Vb Yeri İstanbul :
Yayıncı, Dağıtıcı, Vs Adı İmge Kitabevi,
Yayın, Dağıtım, Vb Tarihi 2005.
300 ## - FİZİKSEL TANIM
Kapsam 635 s.:
Diğer Fiziksel Ayrıntıları fotg.; şkl.;
Boyutlar 20 sm.
504 ## - KAYNAKÇA VB NOT
Kaynakça Vb Notu Kaynakça ve dizin vardır.
650 #0 - KONU KATMA GİRİŞ - TOPİKAL DÖNEM
9 (RLIN) 710
Topikal Süreli Veya Coğrafi Ad Giriş Elemanı Osmanlı İmparatorluğu
Genel Alt Bölümü Tarih
Kronolojik Alt Bölümü kuruluş dönemi
700 ## - KATMA GİRİŞ - KİŞİSEL İSİM
9 (RLIN) 6174
Kişisel Ad Öz, Mehmet
942 ## - EKLENDİ GİRİŞ ELEMANLARI (KOHA)
Sınıflandırma Veya Raf Düzeni Kaynak Dewey Decimal Classification
Koha Öğesi Türü Books
Holdings
Kalıcı Konum Mevcut Konum Edinme Tarihi Toplam Check-Out'Lar Tam Çağrı Numarası Barkod Tarih Son Görülme İtibaren Geçerli Fiyatlar Koha Öğesi Türü
CHP Kütüphanesi CHP Kütüphanesi 02/23/2023   956.10151 Ö93s 2005 020751 02/23/2023 02/23/2023 Books